| 000 | 00415nam a22001697a 4500 | ||
|---|---|---|---|
| 003 | CEME | ||
| 005 | 20210628203653.0 | ||
| 008 | 210317b xxu||||| |||| 00| 0 eng d | ||
| 020 | _a0-87942-188-6 | ||
| 040 | _c. | ||
| 082 | _a004.16 INS'G | ||
| 100 |
_aGupta, Amar, Toony, H-Min D _966782 |
||
| 245 | _aInsights in to personal computers | ||
| 260 |
_aNEWYORK _bIEEE _c1985 |
||
| 300 | _a380P | ||
| 942 |
_cBK _2ddc |
||
| 999 |
_c574685 _d574685 |
||